00000000nam##2200000za#4500
0019.625344
003CaOODSP
00520200511142756
007ta
008150406|1999||||xxc|||||     f|0| 0 fre|d
020 |a1-895643-93-7
040 |aCaOODSP|bfre
043 |an-cn---
0861 |aEn133-5/8-1999F
1102 |aTable ronde nationale sur l'environnement et l'économie (Canada)
24510|aPossibilité d'ajouter à un programme national d'échange de droits d'émission des sources d'émissions de GES qui ne proviennent pas de la combustion / |cPréparé par Cheminfo Services Inc.
260 |aOttawa - Ontario : |bTable ronde nationale sur l'environnement et l'économie |c1999.
300 |aix, 75p. : |bréférences, tableaux ; |c28 cm.
4901 |aDroits d'échange d'émission nationaux des gaz à effet de serre, série de documents techniques
500 |a«Ce document [...] a pour but d'évaluer les types de programmes nationaux d'échange de droits d'émissions de GES non liées à la combustion. [...] Les 15 secteurs de sources d'émissions abordés dans ce document représentent environ 99 p. 100 des émissions de GES attribuables à des sources non liées à la combustion dans l'inventaire des gaz à effet de serre de 1995 préparé par Environnement Canada.»--Introduction.
5203 |aCe document [...] a pour but d'évaluer les types de programmes nationaux d'échange de droits d'émissions de GES non liées à la combustion. [...] Les 15 secteurs de sources d'émissions abordés dans ce document représentent environ 99 p. 100 des émissions de GES attribuables à des sources non liées à la combustion dans l'inventaire des gaz à effet de serre de 1995 préparé par Environnement Canada.--Introduction
563 |aReliure à spirale
590 |a00-25|b2000-06-23
69107|aEffet de serre|2gcpds
69107|aLutte contre la pollution|2gcpds
69107|aRéchauffement de la planète|2gcpds
7760#|tPossibilité d'ajouter à un programme national d'échange de droits d'émission des sources d'émissions de GES qui ne proviennent pas de la combustion / |w(CaOODSP)9.605993
830#0|aDroits d'échange d'émission nationaux des gaz à effet de serre, série de documents techniques.|w(CaOODSP)9.512950